00700 2200253 4500001002100000005001700021008004100038020001800079035002400097082001200121090001700133245012300150250001100273260002500284300002200309650001500331700002000346700001800366850001500384980001300399985000600412986001300418999001500431YOGYA-0209000000401820090227020657.0 ind  a979-431-164-2 0010-020900000004018 a651.371 a651.371bPer aPeranan sekretarisbHasil wawancara dengan beberapa sekretaris profesionalcEnny Mudijanto...et.al,editor John Julaman aCet. 1 aJakartabAncomc1992 ax, 118 hlmc19 cm aSekretaris aMudiyanto, Enny aJulaman, John aYOPDYOG(B) a24/04/06 a1 artrevGMM a93P0041535